[Event "Presolana op 38th"]
[Site "Presolana"]
[Date "2018.08.18"]
[Round "1"]
[White "Piantoni, Roberto"]
[Black "Sveshnikov, Evgeny"]
[Result "0-1"]
[WhiteElo "2161"]
[BlackElo "2477"]
[PlyCount "144"]
[EventDate "2018.08.18"]
[EventType "swiss"]
[EventRounds "9"]
[EventCountry "ITA"]
[SourceTitle "CBM 186 Extra"]
[Source "ChessBase"]
[SourceDate "2018.08.24"]
[SourceVersion "1"]
[SourceVersionDate "2018.08.24"]
[SourceQuality "1"]

1. d4 d5 2. Nf3 Nf6 3. c4 e6 4. g3 dxc4 5. Bg2 Nc6 6. 0-0 Rb8 7. a4 a6 8. Bf4 Nd5 9. Bd2 Be7 10. Qc1 b5 11. b3 0-0 12. axb5 axb5 13. bxc4 bxc4 14. Qxc4 Bb7 15. e3 Nb6 16. Qe2 Nb4 17. Rc1 Nd7 18. Ra4 Nd5 19. Nc3 c5 20. Nxd5 Bxd5 21. Ra7 Rb7 22. Rxb7 Bxb7 23. Qb5 Bd5 24. dxc5 Bxc5 25. Bb4 Bxb4 26. Qxb4 Qa8 27. Ne1 Bxg2 28. Nxg2 Ne5 29. Ne1 h5 30. Qc5 Qe4 31. Qd4 Qxd4 32. exd4 Ng4 33. Nf3 Ra8 34. h3 Nf6 35. Rc2 Nd5 36. Rb2 f6 37. h4 Kf7 38. Re2 Ra3 39. Kg2 Rd3 40. Rd2 Ra3 41. Re2 Ke7 42. Rb2 Ra7 43. Nd2 Kf7 44. Nf3 Kg6 45. Re2 Kf5 46. Ne1 Ra3 47. Rd2 Ra1 48. Nf3 Nc3 49. Rc2 Ra3 50. Nd2 Nd5 51. Nc4 Rd3 52. Re2 Nc7 53. Rc2 Nb5 54. Ne3+ Kg6 55. d5 exd5 56. Rc5 Nc3 57. Ra5 Rd2 58. Nf1 Rb2 59. Ne3 Rd2 60. Nf1 Ra2 61. Rxa2 Nxa2 62. Kf3 Kf5 63. Ne3+ Ke5 64. g4 d4 65. Nc4+ Kd5 66. Nd2 hxg4+ 67. Kxg4 Ke6 68. Kf4 Nc3 69. h5 f5 70. Kg5 Ne4+ 71. Kg6 Nxd2 72. Kxg7 Ne4 0-1

[Event "Bergamo op 8th"]
[Site "Bergamo"]
[Date "2009.07.18"]
[Round "3"]
[White "Borsos, Bogdan"]
[Black "Piantoni, Roberto"]
[Result "1-0"]
[WhiteElo "2289"]
[BlackElo "2111"]
[PlyCount "91"]
[EventDate "2009.07.17"]
[EventType "swiss"]
[EventRounds "6"]
[EventCountry "ITA"]
[SourceTitle "EXT 2012"]
[Source "ChessBase"]
[SourceDate "2011.11.24"]
[SourceVersion "1"]
[SourceVersionDate "2011.11.24"]
[SourceQuality "1"]

1. e4 c6 2. c4 d5 3. cxd5 cxd5 4. exd5 Nf6 5. Qa4+ Nbd7 6. Nc3 g6 7. Bc4 Bg7 8. d3 0-0 9. Nf3 a6 10. Qa3 Nb6 11. Qb3 Bg4 12. Be3 Nbd7 13. Qxb7 Bxf3 14. gxf3 Qa5 15. 0-0 Rfb8 16. Qc6 Ne5 17. Qc5 Qd8 18. Kg2 Qd7 19. Bf4 Rc8 20. Qe3 Nxc4 21. dxc4 Rxc4 22. Rad1 Nh5 23. Bg3 Rac8 24. Rfe1 Nxg3 25. hxg3 Bf6 26. Re2 Bxc3 27. bxc3 Rxc3 28. Qxe7 Qxe7 29. Rxe7 Rd8 30. Rd4 Ra3 31. d6 Kf8 32. Rf4 f5 33. Rxh7 Kg8 34. Ra7 Rxa2 35. Rd4 Kf8 36. g4 Kg8 37. Kg3 Kf8 38. Rd5 Kg8 39. gxf5 gxf5 40. Kf4 Ra3 41. Re7 Ra4+ 42. Kxf5 Rf8+ 43. Ke6 Raf4 44. Rg5+ Kh8 45. Kd7 Rd4 46. Re4 1-0

[Event "Bratto op 26th"]
[Site "Bratto"]
[Date "2006.08.25"]
[Round "7"]
[White "Vezzosi, Paolo"]
[Black "Piantoni, Roberto"]
[Result "1-0"]
[WhiteElo "2356"]
[BlackElo "2160"]
[PlyCount "93"]
[EventDate "2006.08.19"]
[EventType "swiss"]
[EventRounds "9"]
[EventCountry "ITA"]
[SourceTitle "CBM 113 Extra"]
[Source "ChessBase"]
[SourceDate "2006.09.14"]
[SourceVersion "1"]
[SourceVersionDate "2006.09.14"]
[SourceQuality "1"]

1. d4 Nf6 2. Nf3 c5 3. d5 b5 4. c4 g6 5. cxb5 a6 6. bxa6 Bxa6 7. Nc3 Bg7 8. h3 d6 9. e4 Bxf1 10. Kxf1 Nbd7 11. Kg1 0-0 12. Kh2 Qa5 13. Re1 Rfb8 14. Re2 Rb7 15. Rc2 Nb6 16. Qe2 Na4 17. Nd2 Qa6 18. Nc4 Rb4 19. Nxa4 Qxa4 20. Bg5 Rab8 21. a3 Rb3 22. Rd1 h6 23. Bc1 Kh7 24. e5 Nd7 25. f4 Nb6 26. exd6 exd6 27. Nxd6 Qd7 28. Nc4 Nxd5 29. Qe4 Nf6 30. Rxd7 Nxe4 31. Rxf7 Kg8 32. Re7 Ng3 33. Ne5 Rd8 34. Nf3 Nf5 35. Re4 Nd4 36. Rf2 Nxf3+ 37. Rxf3 Rxf3 38. gxf3 Bxb2 39. Bxb2 Rd2+ 40. Kg3 Rxb2 41. f5 Ra2 42. fxg6 Rxa3 43. h4 h5 44. Kf4 Kg7 45. Kg5 Rxf3 46. Re7+ Kf8 47. Rc7 1-0

[Event "Bratto Gorgonzola op"]
[Site "Bratto"]
[Date "2005.11.12"]
[Round "1"]
[White "Piantoni, Roberto"]
[Black "Agrifoglio, Fabio"]
[Result "1-0"]
[WhiteElo "2153"]
[BlackElo "2031"]
[PlyCount "101"]
[EventDate "2005.11.12"]
[EventType "swiss"]
[EventRounds "7"]
[EventCountry "ITA"]
[SourceTitle "EXT 2007"]
[Source "ChessBase"]
[SourceDate "2006.11.23"]
[SourceVersion "1"]
[SourceVersionDate "2006.11.23"]
[SourceQuality "1"]

1. d4 Nf6 2. Nf3 g6 3. Bf4 Bg7 4. e3 d6 5. h3 0-0 6. Be2 c5 7. c3 Qb6 8. Qb3 Be6 9. Qa3 Nc6 10. Nbd2 Qa5 11. Qxa5 Nxa5 12. 0-0 Rac8 13. dxc5 dxc5 14. Rfd1 h6 15. e4 Nc6 16. Be3 b6 17. Ba6 Rcd8 18. Bb5 Nb8 19. a4 Bc8 20. Bf4 Bb7 21. Re1 g5 22. Bh2 g4 23. hxg4 Nxg4 24. Bg3 Nc6 25. Nc4 Na5 26. Nxa5 bxa5 27. Bc7 Rc8 28. Bxa5 Nf6 29. Nd2 Kh8 30. f3 a6 31. Bc4 e6 32. Nf1 Nh5 33. Rad1 Be5 34. Ne3 Rc6 35. Ng4 Bg3 36. Re2 Nf4 37. Red2 h5 38. Ne3 Ng6 39. Rd8 Rc8 40. Rxc8 Rxc8 41. Rd7 Bf4 42. Rxb7 Bxe3+ 43. Kf1 Rc6 44. Rb6 Ne5 45. Bxa6 Kg7 46. Rxc6 Nxc6 47. Bb6 Kf6 48. Bb7 Ne5 49. Ke2 Bc1 50. a5 Nd7 51. Bd8+ 1-0

[Event "Bratto op 25th"]
[Site "Bratto"]
[Date "2005.08.21"]
[Round "2"]
[White "Shytaj, Luca"]
[Black "Piantoni, Roberto"]
[Result "1-0"]
[WhiteElo "2395"]
[BlackElo "2186"]
[PlyCount "49"]
[EventDate "2005.08.20"]
[EventType "swiss"]
[EventRounds "9"]
[EventCountry "ITA"]
[SourceTitle "CBM 108 Extra"]
[Source "ChessBase"]
[SourceDate "2005.11.04"]
[SourceVersion "1"]
[SourceVersionDate "2005.11.04"]
[SourceQuality "1"]

1. e4 c6 2. d4 d5 3. exd5 cxd5 4. c4 Nf6 5. Nc3 Nc6 6. Bg5 Qb6 7. cxd5 Nxd5 8. Nxd5 Qa5+ 9. Nc3 Qxg5 10. Nf3 Qa5 11. d5 Nb8 12. Ne5 Qc7 13. Bb5+ Nd7 14. Qd4 f6 15. Nxd7 Bxd7 16. 0-0 a6 17. Ba4 Bxa4 18. Qxa4+ Qd7 19. Rac1 Rd8 20. Qb3 g6 21. Rfe1 Bh6 22. Rcd1 Bf4 23. Ne4 Kf7 24. d6+ Kg7 25. Nc5 1-0

[Event "Riva del Garda op 2nd"]
[Site "Riva del Garda"]
[Date "2004.12.28"]
[Round "5"]
[White "Trauth, Michael"]
[Black "Piantoni, Roberto"]
[Result "1/2-1/2"]
[WhiteElo "2233"]
[BlackElo "2133"]
[PlyCount "59"]
[EventDate "2004.12.26"]
[EventType "swiss"]
[EventRounds "7"]
[EventCountry "ITA"]
[SourceTitle "CBM 104 Extra"]
[Source "ChessBase"]
[SourceDate "2005.03.01"]
[SourceVersion "1"]
[SourceVersionDate "2005.03.01"]
[SourceQuality "1"]

1. Nf3 d5 2. c4 c6 3. g3 Nf6 4. Bg2 Nbd7 5. 0-0 e6 6. b3 Bd6 7. Bb2 0-0 8. Nc3 Qe7 9. Qc2 Ba3 10. Bxa3 Qxa3 11. d4 Qa6 12. Nd2 b5 13. a4 b4 14. Na2 Qb6 15. cxd5 cxd5 16. Nc4 Qxd4 17. Nxb4 a5 18. e3 Qc5 19. Nd3 Qc7 20. Na3 Qxc2 21. Nxc2 Ba6 22. Rfd1 Rfc8 23. Nd4 Rc3 24. Bf1 e5 25. Nb5 Bxb5 26. axb5 Rxb3 27. Nc1 Rb2 28. Nd3 Rb3 29. Nc1 Rb2 30. Nd3 1/2-1/2

[Event "Gorgonzola op 9th"]
[Site "Gorgonzola"]
[Date "2004.11.20"]
[Round "4"]
[White "Salami, Marco"]
[Black "Piantoni, Roberto"]
[Result "1/2-1/2"]
[WhiteElo "2170"]
[BlackElo "2133"]
[PlyCount "40"]
[EventDate "2004.11.13"]
[EventType "swiss"]
[EventRounds "6"]
[EventCountry "ITA"]
[SourceTitle "EXT 2007"]
[Source "ChessBase"]
[SourceDate "2006.11.23"]
[SourceVersion "1"]
[SourceVersionDate "2006.11.23"]
[SourceQuality "1"]

1. e4 c6 2. d4 d5 3. f3 e6 4. Nc3 Bb4 5. Bf4 Ne7 6. Qd2 Ng6 7. Bg3 Qa5 8. Nge2 Nd7 9. a3 Nb6 10. Qc1 Bxc3+ 11. Nxc3 Nc4 12. Bxc4 dxc4 13. Qe3 0-0 14. 0-0 Qb6 15. Nd1 Rd8 16. Bf2 Qc7 17. Bg3 Qb6 18. Nc3 e5 19. Bf2 Qc7 20. Bg3 Qb6 1/2-1/2

[Event "Bratto op 24th"]
[Site "Bratto"]
[Date "2004.08.25"]
[Round "6"]
[White "Piantoni, Roberto"]
[Black "Radice, Luca"]
[Result "1-0"]
[WhiteElo "2124"]
[BlackElo "2085"]
[PlyCount "53"]
[EventDate "2004.08.20"]
[EventType "swiss"]
[EventRounds "9"]
[EventCountry "ITA"]
[SourceTitle "CBM 101 Extra"]
[Source "ChessBase"]
[SourceDate "2004.09.01"]
[SourceVersion "2"]
[SourceVersionDate "2004.09.01"]
[SourceQuality "1"]

1. d4 d5 2. Nf3 Nf6 3. e3 Bf5 4. c4 e6 5. Qb3 Nc6 6. Bd2 Rb8 7. cxd5 Nxd5 8. Nc3 Nxc3 9. Bxc3 a6 10. Rd1 Bd6 11. d5 exd5 12. Qxd5 Be6 13. Qe4 Kf8 14. Bc4 Bxc4 15. Qxc4 Qe7 16. 0-0 Qe6 17. Qa4 h5 18. Ng5 Qf5 19. h4 Re8 20. Qb3 Nd8 21. Rd5 Qg4 22. Rd4 Qf5 23. Rfd1 f6 24. Rd5 Qg6 25. Nf3 Qf7 26. Bb4 Qe7 27. Rxd6 1-0

[Event "Bratto op 24th"]
[Site "Bratto"]
[Date "2004.08.22"]
[Round "3"]
[White "Contini, Gabriele"]
[Black "Piantoni, Roberto"]
[Result "1/2-1/2"]
[WhiteElo "2048"]
[BlackElo "2124"]
[PlyCount "55"]
[EventDate "2004.08.20"]
[EventType "swiss"]
[EventRounds "9"]
[EventCountry "ITA"]
[SourceTitle "CBM 101 Extra"]
[Source "ChessBase"]
[SourceDate "2004.09.01"]
[SourceVersion "2"]
[SourceVersionDate "2004.09.01"]
[SourceQuality "1"]

1. d4 Nf6 2. Bg5 c5 3. Bxf6 gxf6 4. dxc5 Qa5+ 5. Nc3 Bg7 6. e3 f5 7. Nge2 Nc6 8. Qd5 0-0 9. 0-0-0 e6 10. Qc4 b6 11. Nd4 bxc5 12. Nb3 Qb6 13. Na4 Qb8 14. Qxc5 Bb7 15. Rxd7 Rc8 16. Qb5 Nd8 17. Nac5 Qe5 18. c3 Bd5 19. Kb1 Rab8 20. Qe2 a5 21. Nd3 Qf6 22. Qc2 Nc6 23. f4 Be4 24. Nbc5 Qxc3 25. Qxc3 Bxc3 26. Rb7 Rxb7 27. Nxb7 Bg7 28. Nbc5 1/2-1/2

[Event "Bergamo op 3rd"]
[Site "Bergamo"]
[Date "2004.07.25"]
[Round "7"]
[White "Piantoni, Roberto"]
[Black "Farahat, Ali"]
[Result "1/2-1/2"]
[WhiteElo "2124"]
[BlackElo "2310"]
[PlyCount "49"]
[EventDate "2004.07.22"]
[EventType "swiss"]
[EventRounds "7"]
[EventCountry "ITA"]
[SourceTitle "CBM 101 Extra"]
[Source "ChessBase"]
[SourceDate "2004.09.01"]
[SourceVersion "2"]
[SourceVersionDate "2004.09.01"]
[SourceQuality "1"]

1. d4 d5 2. Nf3 Nf6 3. e3 c5 4. c3 e6 5. Bd3 Nc6 6. Nbd2 Be7 7. dxc5 Bxc5 8. 0-0 0-0 9. e4 dxe4 10. Nxe4 Be7 11. Qe2 Bd7 12. Rd1 Qc7 13. Nxf6+ Bxf6 14. Bg5 Bxg5 15. Nxg5 h6 16. Bh7+ Kh8 17. Bc2 Rad8 18. Qe4 f5 19. Qh4 Bc8 20. Qh5 Ne5 21. Bb3 Qe7 22. Qe2 Ng6 23. Nxe6 Bxe6 24. Qxe6 Qg5 25. Qe2 1/2-1/2

[Event "Bratto op 23rd"]
[Site "Bratto"]
[Date "2003.08.22"]
[Round "2"]
[White "Dittmar, Peter"]
[Black "Piantoni, Roberto"]
[Result "1-0"]
[WhiteElo "2349"]
[BlackElo "2157"]
[PlyCount "93"]
[EventDate "2003.08.21"]
[EventType "swiss"]
[EventRounds "9"]
[EventCountry "ITA"]
[SourceTitle "EXT 2004"]
[Source "ChessBase"]
[SourceDate "2003.11.25"]
[SourceVersion "1"]
[SourceVersionDate "2003.11.25"]
[SourceQuality "1"]

1. Nf3 d5 2. c4 e6 3. e3 Nf6 4. b3 c5 5. Bb2 Nc6 6. cxd5 exd5 7. Bb5 Be7 8. 0-0 0-0 9. d4 Ne4 10. dxc5 Bxc5 11. Nc3 Nxc3 12. Bxc3 Qb6 13. Bxc6 bxc6 14. Qd3 a5 15. Rfc1 Re8 16. Bd4 Bxd4 17. Qxd4 Ra6 18. Qxb6 Rxb6 19. Rc5 Ra6 20. Nd4 Bd7 21. Rac1 Rc8 22. Ne2 Kf8 23. Nc3 Re8 24. h3 h6 25. Na4 Rd8 26. R5c3 Be8 27. Rd1 Rb8 28. Nc5 Ra7 29. Rdc1 Rd8 30. R3c2 Rb8 31. Rd2 Re7 32. g3 Rb6 33. Kg2 Rb8 34. Rd4 f5 35. Rf4 g6 36. g4 Rb4 37. Rxb4 axb4 38. gxf5 gxf5 39. Kg3 Ra7 40. Rc2 Ke7 41. Kf4 Kf6 42. Nd3 Rb7 43. Rc5 Rb6 44. Ra5 Rb7 45. Ra8 Bf7 46. Rc8 Rb6 47. Ne5 1-0